<?xml version="1.0" encoding="UTF-8"?>
<collection xmlns="http://www.loc.gov/MARC21/slim">
 <record>
  <leader>05480nam a22005295i 4500</leader>
  <controlfield tag="001">978-3-319-94283-4</controlfield>
  <controlfield tag="003">DE-He213</controlfield>
  <controlfield tag="005">20210618205043.0</controlfield>
  <controlfield tag="007">cr nn 008mamaa</controlfield>
  <controlfield tag="008">181228s2019    gw |    s    |||| 0|eng d</controlfield>
  <datafield tag="020" ind1=" " ind2=" ">
   <subfield code="a">9783319942834</subfield>
   <subfield code="9">978-3-319-94283-4</subfield>
  </datafield>
  <datafield tag="024" ind1="7" ind2=" ">
   <subfield code="a">10.1007/978-3-319-94283-4</subfield>
   <subfield code="2">doi</subfield>
  </datafield>
  <datafield tag="050" ind1=" " ind2="4">
   <subfield code="a">GE1-350</subfield>
  </datafield>
  <datafield tag="072" ind1=" " ind2="7">
   <subfield code="a">RNP</subfield>
   <subfield code="2">bicssc</subfield>
  </datafield>
  <datafield tag="072" ind1=" " ind2="7">
   <subfield code="a">SCI026000</subfield>
   <subfield code="2">bisacsh</subfield>
  </datafield>
  <datafield tag="072" ind1=" " ind2="7">
   <subfield code="a">RNP</subfield>
   <subfield code="2">thema</subfield>
  </datafield>
  <datafield tag="082" ind1="0" ind2="4">
   <subfield code="a">577.14</subfield>
   <subfield code="2">23</subfield>
  </datafield>
  <datafield tag="245" ind1="1" ind2="0">
   <subfield code="a">Groundwater in the Nile Delta </subfield>
   <subfield code="h">[electronic resource] /</subfield>
   <subfield code="c">edited by Abdelazim M. Negm.</subfield>
  </datafield>
  <datafield tag="250" ind1=" " ind2=" ">
   <subfield code="a">1st ed. 2019.</subfield>
  </datafield>
  <datafield tag="264" ind1=" " ind2="1">
   <subfield code="a">Cham :</subfield>
   <subfield code="b">Springer International Publishing :</subfield>
   <subfield code="b">Imprint: Springer,</subfield>
   <subfield code="c">2019.</subfield>
  </datafield>
  <datafield tag="300" ind1=" " ind2=" ">
   <subfield code="a">XVII, 760 p. 376 illus., 289 illus. in color.</subfield>
   <subfield code="b">online resource.</subfield>
  </datafield>
  <datafield tag="336" ind1=" " ind2=" ">
   <subfield code="a">text</subfield>
   <subfield code="b">txt</subfield>
   <subfield code="2">rdacontent</subfield>
  </datafield>
  <datafield tag="337" ind1=" " ind2=" ">
   <subfield code="a">computer</subfield>
   <subfield code="b">c</subfield>
   <subfield code="2">rdamedia</subfield>
  </datafield>
  <datafield tag="338" ind1=" " ind2=" ">
   <subfield code="a">online resource</subfield>
   <subfield code="b">cr</subfield>
   <subfield code="2">rdacarrier</subfield>
  </datafield>
  <datafield tag="347" ind1=" " ind2=" ">
   <subfield code="a">text file</subfield>
   <subfield code="b">PDF</subfield>
   <subfield code="2">rda</subfield>
  </datafield>
  <datafield tag="490" ind1="1" ind2=" ">
   <subfield code="a">The Handbook of Environmental Chemistry,</subfield>
   <subfield code="x">1867-979X ;</subfield>
   <subfield code="v">73</subfield>
  </datafield>
  <datafield tag="505" ind1="0" ind2=" ">
   <subfield code="a">An Overview of Groundwater resources In the Nile Delta aquifer -- Land and Groundwater Resources in the Egypt’s Nile Valley, Delta and its Fringes -- Use of Groundwater in Nile Alluvial Soils and Their Fringes -- Ground water and agriculture in the Nile Delta -- Sedimentological Characteristics of the Quaternary Groundwater Aquifer, Northwestern Nile Delta, Egypt -- Hydrogeophysical Characteristics of the central Nile Delta aquifer -- Resistivity Characterization of Aquifer In Coastal Semi Arid-Areas: An Approach For Hydrogeological Evaluation -- Hydrogeophysical Investigations at El-Nubariya -Wadi El-Natrun Area, West Nile Delta, Egypt -- Salinization and Origin of the Coastal Shallow Groundwater Aquifer, Northwestern Nile Delta, Egypt -- Soil Aquifer Treatment System Design Equation for Organic Micropollutant Removal -- Investigation of Saltwater Intrusion in Coastal Aquifers -- Control of saltwater intrusion in coastal aquifers -- 1D subsurface temperature profiles to characterize the groundwater flow system in the northwestern part of the Nile Delta, Egypt -- Use of Geoelectrical Resistivity to Delineate the Seawater Intrusion in the Northwestern Part of the Nile Delta, Egypt -- Integrated Subsurface Thermal Regime and Hydrogeochemical Data to Delineate the Groundwater Flow System and Seawater Intrusion in the Middle Nile Delta, Egypt -- Integrated Groundwater Modeling for Simulation Saltwater Intrusion in the Nile Delta Aquifer, Egypt -- Groundwater Modeling and Assessment under Uncertain Hydrological Conditions for Egyptian Sahara -- Groundwater Potential in the New Valley South West the Nile Delta in Egypt -- Hydrogeochemistry and Quality Assessment of Groundwater Under Some Central Nile Delta Villages, Egypt -- Assessment of the Groundwater Quality for Drinking and Irrigation -- Purposes in the Central Nile Delta Region, Egypt -- Groundwater Management for Sustainable Development East of the Nile Delta Aquifer -- Groundwater Management for Sustainable Development Plans for the Western Nile Delta -- Conclusions and Recommendations.</subfield>
  </datafield>
  <datafield tag="520" ind1=" " ind2=" ">
   <subfield code="a">This unique volume offers an up-to-date overview of all the main aspects of groundwater in the Nile Delta and its fringes, as well as latest research findings. The themes covered include: · Nile Delta aquifer formation and its characteristics · The use of the groundwater in the Nile Delta and its implications · Sedimentology and hydrogeophysical characteristics · Groundwater investigations and aquifer characterization using current direct resistivity and induced polarization · Groundwater contamination and degradation · Saltwater intrusion and its control · Delineation of groundwater flow and seawater intrusion using various techniques, including one-dimensional subsurface temperature profiles, geoelectrical resistivity, and integrated subsurface thermal regime and hydrogeochemical data · Modeling of groundwater and of saltwater intrusion in the Nile Delta aquifer · Excessive pumping and groundwater quality assessment for irrigation and drinking purposes · Groundwater management for sustainability in the Nile Delta. The volume appeals to postgraduate students, researchers, scientists, professionals, decision makers and planners.</subfield>
  </datafield>
  <datafield tag="650" ind1=" " ind2="0">
   <subfield code="a">Environmental chemistry.</subfield>
  </datafield>
  <datafield tag="650" ind1=" " ind2="0">
   <subfield code="a">Hydrology.</subfield>
  </datafield>
  <datafield tag="650" ind1=" " ind2="0">
   <subfield code="a">Hydrogeology.</subfield>
  </datafield>
  <datafield tag="650" ind1=" " ind2="0">
   <subfield code="a">Water pollution.</subfield>
  </datafield>
  <datafield tag="650" ind1="1" ind2="4">
   <subfield code="a">Environmental Chemistry.</subfield>
   <subfield code="0">https://scigraph.springernature.com/ontologies/product-market-codes/U15000</subfield>
  </datafield>
  <datafield tag="650" ind1="2" ind2="4">
   <subfield code="a">Hydrology/Water Resources.</subfield>
   <subfield code="0">https://scigraph.springernature.com/ontologies/product-market-codes/211000</subfield>
  </datafield>
  <datafield tag="650" ind1="2" ind2="4">
   <subfield code="a">Hydrogeology.</subfield>
   <subfield code="0">https://scigraph.springernature.com/ontologies/product-market-codes/G19005</subfield>
  </datafield>
  <datafield tag="650" ind1="2" ind2="4">
   <subfield code="a">Waste Water Technology / Water Pollution Control / Water Management / Aquatic Pollution.</subfield>
   <subfield code="0">https://scigraph.springernature.com/ontologies/product-market-codes/U35040</subfield>
  </datafield>
  <datafield tag="700" ind1="1" ind2=" ">
   <subfield code="a">Negm, Abdelazim M.</subfield>
   <subfield code="e">editor.</subfield>
   <subfield code="4">edt</subfield>
   <subfield code="4">http://id.loc.gov/vocabulary/relators/edt</subfield>
  </datafield>
  <datafield tag="710" ind1="2" ind2=" ">
   <subfield code="a">SpringerLink (Online service)</subfield>
  </datafield>
  <datafield tag="773" ind1="0" ind2=" ">
   <subfield code="t">Springer Nature eBook</subfield>
  </datafield>
  <datafield tag="776" ind1="0" ind2="8">
   <subfield code="i">Printed edition:</subfield>
   <subfield code="z">9783319942827</subfield>
  </datafield>
  <datafield tag="776" ind1="0" ind2="8">
   <subfield code="i">Printed edition:</subfield>
   <subfield code="z">9783319942841</subfield>
  </datafield>
  <datafield tag="830" ind1=" " ind2="0">
   <subfield code="a">The Handbook of Environmental Chemistry,</subfield>
   <subfield code="x">1867-979X ;</subfield>
   <subfield code="v">73</subfield>
  </datafield>
  <datafield tag="856" ind1="4" ind2="0">
   <subfield code="u">https://doi.org/10.1007/978-3-319-94283-4</subfield>
  </datafield>
  <datafield tag="912" ind1=" " ind2=" ">
   <subfield code="a">ZDB-2-EES</subfield>
  </datafield>
  <datafield tag="912" ind1=" " ind2=" ">
   <subfield code="a">ZDB-2-SXEE</subfield>
  </datafield>
  <datafield tag="950" ind1=" " ind2=" ">
   <subfield code="a">Earth and Environmental Science (SpringerNature-11646)</subfield>
  </datafield>
  <datafield tag="950" ind1=" " ind2=" ">
   <subfield code="a">Earth and Environmental Science (R0) (SpringerNature-43711)</subfield>
  </datafield>
 </record>
</collection>
